000 02400cgm a2200517Ma 4500
001 ocn727135270
003 OCoLC
005 20251218102357.0
007 vd cvaizs
008 101222s2010 xxu552 e vleng d
024 1 _a043396358188
028 4 2 _aCOL35818D
035 _a(OCoLC)727135270
037 _aCOL35818D
040 _aB@L
_cB@L
_dAZT
_dUINTA
_erda
049 _aUCLB
050 4 _aPN1992.77
_b.J87 2011
082 0 4 _a791.45/75
_222
092 _a791.457
245 0 0 _aJustified. (city primeval) Season 1
260 _aUnited States :
_bSony Pictures Home Entertainment,
_c2011.
264 _aUnited States :
_bSony Pictures Home Entertainment,
_c2023.
300 _a3 videodiscs (552 min.) :
_bsd., col. ;
_c4 3/4 in.
500 _aTitle from web page.
500 _aRelease date: Jan. 18, 2011.
500 _aOriginally broadcast as episodes of the television program.
505 0 _aFire in the hole -- Riverbrook -- Fixer -- Long in the tooth -- The lord of war and thunder -- The collection -- Blind spot -- Blowback -- Hatless -- The hammer -- Veterans -- Fathers and sons -- Bulletville.
511 1 _aJoelle Carter, Nick Searcy, Timothy Olyphant.
520 _aDue to his old-school style, U.S. Marshal Raylan Givens is reassigned from Miami to his childhood home in the poor, rural coal-mining towns in Eastern Kentucky. Lawman Givens is a tough, soft-spoken gentleman who never gives an inch. Contained are thirteen episodes such as: Fire in the Hole; Riverbrook; Fixer; Long in the Tooth; and more. Special features include commentary, a music video, and featurettes.
538 _aDVD, widescreen.
546 _aEnglish, Spanish or Portuguese dialogue; English, Spanish or Portuguese subtitles.
546 _aClosed-captioned.
650 0 _aUnited States marshals
_vDrama.
_96422355
650 0 _aCrime
_vDrama.
_95695137
650 0 _aVideo recordings for the hearing impaired.
_96230233
651 0 _aKentucky
_vDrama.
_96478966
655 0 _aTelevision crime shows.
_95706353
655 0 _aAction and adventure television programs.
_95676921
655 0 _aFiction television programs.
_95673656
655 0 _aTelevision series.
_96230235
700 1 _aCarter, Joelle.
_95774791
700 1 _aSearcy, Nick.
_976993
700 1 _aOlyphant, Timothy.
_969643
710 2 _aSony Pictures Home Entertainment (Firm)
_971947
942 _cDVD
_2ddc
999 _c81795
_d81795